Separát štatistickej ročenky školstva SR 2007 materské školy

Enregistré dans:
Détails bibliographiques
Format: Livre
Langue:slovaque
Publié: Bratislava Ústav informácií a prognóz školstva 2007
Sujets:
Tags: Ajouter un tag
Pas de tags, Soyez le premier à ajouter un tag!

MARC

LEADER 00000nam$a2200000$$$4500
001 0073532
005 20251218100728.2
041 0 |a slo 
044 |a SK 
245 1 0 |a Separát štatistickej ročenky školstva SR 2007  |b materské školy 
264 1 |a Bratislava  |b Ústav informácií a prognóz školstva  |c 2007 
300 |a 169 s. 
610 2 0 |a Slovensko 
610 2 0 |a školstvo 
610 2 0 |a zariadenia školské 
610 2 0 |a školy materské 
610 2 0 |a školy základné